[Event "AUTO-OPEN-4429"]
[Site "http://www.queenalice.com/game.php?id=1807429"]
[Date "2023.3.7"]
[Round "1"]
[White "Dogeval"]
[Black "BGM9"]
[Result "1-0"]
[WhiteElo "2792"]
[BlackElo "2116"]

1. e4 c5 2. Nf3 d6 3. d4 cxd4 4. Nxd4 Nf6 5. Nc3 a6 6. Be3 e5 7. Nf3 Be7 8. Bc4
Bg4 9. O-O Nbd7 10. h3 Bh5 11. a4 Rc8 12. Bb3 O-O 13. g4 Bg6 14. Nh4 Nc5 15.
Bxc5 Rxc5 16. Re1 Qd7 17. Re3 Rfc8 18. Qe2 Nxe4 19. Nxg6 hxg6 20. Nxe4 R5c7 21.
Rd1 Kf8 22. Qf3 f6 23. Ng5 1-0

[Event "AUTO-OPEN-4429"]
[Site "http://www.queenalice.com/game.php?id=1807430"]
[Date "2023.3.7"]
[Round "1"]
[White "BGM9"]
[Black "Dogeval"]
[Result "0-1"]
[WhiteElo "2115"]
[BlackElo "2793"]

1. d4 Nf6 2. c4 e6 3. Nc3 Bb4 4. Bg5 c5 5. d5 h6 6. Bxf6 Qxf6 7. Qc2 O-O 8. Nf3
Re8 9. e4 Bxc3+ 10. bxc3 Qg6 11. Ne5 Qh5 12. f4 d6 13. Be2 Qh4+ 14. g3 Qe7 15.
Nf3 exd5 16. cxd5 Nd7 17. Nd2 Nf6 18. Bb5 Nxe4 19. Bxe8 Nxc3+ 20. Kf2 Qe2+ 21.
Kg1 Bh3 22. Bxf7+ Kh8 0-1

[Event "AUTO-ELITE-2473"]
[Site "http://www.queenalice.com/game.php?id=1810396"]
[Date "2023.4.21"]
[Round "1"]
[White "RookXPawn"]
[Black "Dogeval"]
[Result "0-1"]
[WhiteElo "2077"]
[BlackElo "2791"]

1. e4 c5 2. Nf3 d6 3. d4 cxd4 4. Nxd4 Nf6 5. Nc3 a6 6. Be2 e5 7. Nb3 Be7 8. Be3
O-O 9. g4 Be6 10. g5 Nfd7 11. h4 a5 12. Nd2 Nc5 13. Nf1 a4 14. Ng3 Qa5 15. O-O
Nc6 16. Nd5 Rfc8 17. Bg4 Bf8 18. Bf5 Bxf5 19. exf5 Nd7 20. c4 Nd4 21. b4 axb3
22. Bxd4 exd4 23. axb3 Qxa1 24. Qxa1 Rxa1 25. Rxa1 Nc5 26. Ra3 d3 27. Nf1 f6 28.
g6 hxg6 29. fxg6 Ne6 30. Kg2 Nd4 0-1

[Event "AUTO-ELITE-2473"]
[Site "http://www.queenalice.com/game.php?id=1810397"]
[Date "2023.4.21"]
[Round "1"]
[White "Dogeval"]
[Black "RookXPawn"]
[Result "1-0"]
[WhiteElo "2790"]
[BlackElo "2079"]

1. d4 Nf6 2. c4 e6 3. Nf3 d5 4. Nc3 c5 5. cxd5 Nxd5 6. e4 Nxc3 7. bxc3 cxd4 8.
cxd4 Nc6 9. Be2 Bb4+ 10. Bd2 Bxd2+ 11. Qxd2 O-O 12. O-O e5 13. d5 Bg4 14. Rab1
Bxf3 15. Bxf3 Nd4 16. Rxb7 Qd6 17. Rfb1 Nxf3+ 18. gxf3 h6 19. Qe3 Rac8 20. Rxa7
Qg6+ 21. Kf1 Kh7 22. Rc1 Qh5 23. Ke2 Rb8 24. Qc3 Rb6 25. Re7 Ra8 26. Rc2 Rf6 27.
Rxe5 Qxh2 28. Re7 Qd6 29. Rc7 Ra3 30. Qc5 1-0

[Event "AUTO-ELITE-2473"]
[Site "http://www.queenalice.com/game.php?id=1810402"]
[Date "2023.4.21"]
[Round "1"]
[White "Dogeval"]
[Black "arvo1938"]
[Result "1-0"]
[WhiteElo "2796"]
[BlackElo "2262"]

1. d4 Nf6 2. c4 e6 3. Nf3 d5 4. Nc3 c5 5. cxd5 Nxd5 6. e4 Nxc3 7. bxc3 cxd4 8.
cxd4 Bb4+ 9. Bd2 Bxd2+ 10. Qxd2 O-O 11. Rc1 Bd7 12. Bd3 Nc6 13. O-O Ne7 14. Qb4
b6 15. Qa3 a5 16. Rfe1 Nc6 17. Qb3 Ne7 18. Red1 Ng6 19. g3 a4 20. Qb4 Ne7 21.
Ne5 Rc8 22. Rxc8 Bxc8 23. d5 Ng6 24. Nxg6 hxg6 25. d6 Bd7 26. Bb5 Bxb5 27. Qxb5
f5 28. e5 Qe8 29. Qxb6 Qd8 30. Qb4 Qd7 31. Rc1 Rc8 32. Rxc8+ Qxc8 33. Qxa4 Kh7
34. d7 Qc1+ 35. Kg2 Qd2 36. Qh4+ Kg8 37. d8=Q+ Qxd8 38. Qxd8+ 1-0

[Event "AUTO-ELITE-2473"]
[Site "http://www.queenalice.com/game.php?id=1810403"]
[Date "2023.4.21"]
[Round "1"]
[White "arvo1938"]
[Black "Dogeval"]
[Result "1/2-1/2"]
[WhiteElo "2261"]
[BlackElo "2797"]

1. f4 d5 2. e3 Bf5 3. Be2 e6 4. Nf3 Nf6 5. O-O Be7 6. d3 O-O 7. Ne5 h6 8. b3
Nfd7 9. Nxd7 Nxd7 10. Bb2 Bf6 11. Nc3 b5 12. a3 c6 13. Qd2 a5 14. Bf3 Qb6 15.
Rab1 Bg6 16. d4 a4 17. b4 Qa7 18. Be2 Bh7 19. Nd1 Nb6 20. Nf2 Bh4 21. g3 Be7 22.
Bd3 f5 23. Be2 Nc4 24. Bxc4 bxc4 25. Nh3 Bg6 26. Kg2 Bh5 27. Ng1 g5 28. Nf3
Bxf3+ 29. Rxf3 h5 30. h3 Bf6 31. Qe2 g4 32. hxg4 hxg4 33. Rff1 Qg7 34. Rh1 Kf7
35. Rh2 Rh8 36. Rbh1 Rxh2+ 37. Rxh2 Rh8 38. Rxh8 Qxh8 39. Kg1 Qg8 40. c3 Qh7 41.
Bc1 Qh3 42. Qg2 Qxg2+ 43. Kxg2 Bd8 44. Bd2 Ke7 45. Be1 Kd6 46. Bd2 Bb6 47. Kf2
1/2-1/2

[Event "AUTO-OPEN-4429"]
[Site "http://www.queenalice.com/game.php?id=1815022"]
[Date "2023.6.27"]
[Round "2"]
[White "Dogeval"]
[Black "grotegeest"]
[Result "1/2-1/2"]
[WhiteElo "2796"]
[BlackElo "2865"]

1. e4 c5 2. Nc3 Nc6 3. Nf3 g6 4. Bb5 Bg7 5. O-O e5 6. d3 Nge7 7. Bc4 h6 8. a3
O-O 9. b4 d6 10. Rb1 Rb8 11. Bd2 Kh7 12. Re1 b6 13. b5 Nd4 14. Nxd4 exd4 15. Nd5
Nxd5 16. Bxd5 Be6 1/2-1/2

[Event "AUTO-OPEN-4429"]
[Site "http://www.queenalice.com/game.php?id=1815023"]
[Date "2023.6.27"]
[Round "2"]
[White "grotegeest"]
[Black "Dogeval"]
[Result "1/2-1/2"]
[WhiteElo "2843"]
[BlackElo "2797"]

1. e4 c5 2. Nf3 e6 3. d4 cxd4 4. Nxd4 Nc6 5. Nc3 Nf6 6. Nxc6 bxc6 7. e5 Nd5 8.
Ne4 Bb7 9. Be2 c5 10. O-O Qc7 11. Nd6+ Bxd6 12. exd6 Qc6 13. f3 c4 14. Qd4 O-O
15. Bxc4 Qxd6 16. Rd1 Qc7 17. Bd3 Rfc8 18. a3 h6 19. c4 Qb6 20. Bf1 Qxd4+ 21.
Rxd4 Nb6 22. b4 e5 23. Rd6 Nxc4 24. Rxd7 Bc6 25. Rd3 g5 26. Rc3 Bd5 27. b5 Rab8
28. a4 f6 29. h4 1/2-1/2

[Event "AUTO-ELITE-2473"]
[Site "http://www.queenalice.com/game.php?id=1816594"]
[Date "2023.7.18"]
[Round "2"]
[White "trompmaster"]
[Black "Dogeval"]
[Result "0-1"]
[WhiteElo "2485"]
[BlackElo "2792"]

1. Nf3 d5 2. c4 d4 3. e3 Nc6 4. exd4 Nxd4 5. Nxd4 Qxd4 6. d3 e5 7. Be2 Ne7 8.
Nc3 Be6 9. O-O Qd7 10. Re1 Nc6 11. Bf3 O-O-O 12. Qb3 Na5 13. Qc2 Qxd3 14. Qxd3
Rxd3 15. Be4 Rd7 16. Bd5 Nxc4 17. Bxe6 fxe6 18. Ne4 Bb4 19. Rf1 Rd5 20. b3 Nd6
21. a3 Ba5 22. Nxd6+ cxd6 23. Be3 Kd7 24. Bxa7 Bc3 25. Ra2 Rd3 26. Rb1 Bd4 27.
Bxd4 exd4 28. Kf1 Rc8 29. b4 Rcc3 30. a4 Ra3 31. Rba1 Rxa2 32. Rxa2 e5 33. b5
Rb3 34. Ke2 d5 35. h4 Kd6 36. a5 Rxb5 37. a6 bxa6 38. Rxa6+ Kc5 39. Ra7 Rb2+ 40.
Ke1 d3 41. Rxg7 Re2+ 42. Kf1 Re4 43. Rc7+ Kd4 44. Rc1 d2 45. Rd1 Kd3 0-1

[Event "AUTO-ELITE-2473"]
[Site "http://www.queenalice.com/game.php?id=1816595"]
[Date "2023.7.18"]
[Round "2"]
[White "Dogeval"]
[Black "trompmaster"]
[Result "1-0"]
[WhiteElo "2794"]
[BlackElo "2483"]

1. e4 e5 2. Nf3 Nc6 3. Bb5 a6 4. Ba4 Nf6 5. O-O Nxe4 6. d4 b5 7. Bb3 d5 8. dxe5
Be6 9. Nbd2 Nc5 10. c3 Be7 11. Bc2 d4 12. Nb3 d3 13. Bb1 Nxb3 14. axb3 Bf5 15.
Be3 O-O 16. Bd4 Qd5 17. Re1 d2 18. Re2 Bxb1 19. Rxb1 Nxd4 20. Nxd4 Bg5 21. g3 c5
22. Nf5 Qe6 23. Nd6 Qg6 24. h4 Bf4 25. Ne4 Bxe5 26. Qxd2 Bc7 27. Qg5 Bb6 28. c4
b4 29. Rd1 Rfd8 30. Rd5 Qxg5 31. hxg5 Rxd5 32. cxd5 Kf8 33. Kg2 Ke7 34. f4 Rd8
35. Kf3 a5 36. Nd2+ Kf8 37. Nc4 Bc7 38. Rd2 Ke7 39. Ke4 f6 40. gxf6+ gxf6 41. g4
h6 42. Rh2 Bxf4 43. Kxf4 Rxd5 44. Nxa5 Rd4+ 45. Kg3 Kf7 46. Rxh6 Rd3+ 47. Kh4
Rd2 48. Rh5 Rxb2 49. Rxc5 1-0

[Event "AUTO-OPEN-4425"]
[Site "http://www.queenalice.com/game.php?id=1830697"]
[Date "2024.2.1"]
[Round "2"]
[White "landrov"]
[Black "Dogeval"]
[Result "0-1"]
[WhiteElo "2417"]
[BlackElo "2761"]

1. e4 c5 2. Nf3 e6 3. d4 cxd4 4. Nxd4 Nc6 5. Nc3 Nf6 6. Ndb5 d6 7. Bf4 e5 8. Bg5
a6 9. Na3 b5 10. Bxf6 gxf6 11. Nd5 f5 12. Bd3 Be6 13. O-O Bxd5 14. exd5 Ne7 15.
Re1 Bg7 16. c3 O-O 17. Qh5 e4 18. Bf1 Re8 19. Nc2 Nxd5 20. Qxf5 Re5 21. Qh3 Qb6
22. Rad1 Rae8 23. Rxe4 Rxe4 24. Rxd5 R4e5 25. Rd3 d5 26. Ne3 Rd8 27. Qh4 Kh8 28.
Rd1 Qf6 29. Qh3 Qe6 30. Qf3 Bh6 31. Ng4 Rf5 32. Qd3 Rf4 33. Nxh6 Qxh6 34. g3 Re4
35. Bg2 Re6 36. b3 Red6 37. Qf5 Qe6 38. Qf4 Kg7 39. Kf1 Qf6 40. Qg4+ Qg6 41. Qf4
Qf6 42. Qg4+ Kf8 43. Rd3 a5 44. Qd1 b4 45. cxb4 axb4 46. Kg1 Rc8 47. Bf1 d4 48.
Rf3 Qe5 49. Bc4 Rf6 50. Rd3 Rd8 51. Rd2 h5 52. Re2 Qc5 53. Qd3 Qf5 54. Qxf5 Rxf5
55. Kg2 Kg7 56. Bd3 Rc5 57. Kf3 Rc1 58. Rd2 h4 59. Kg4 Rh8 60. Bc4 Rh1 61. h3
hxg3 62. fxg3 Rd8 63. h4 Rd6 64. Bd3 Rg1 65. Kf4 Rf6+ 66. Kg4 Re6 67. Bf5 Re3
68. Rxd4 Rgxg3+ 69. Kf4 Rgf3+ 70. Kg4 Rf2 71. Rxb4 Rxa2 72. Kf4 Rc3 73. Rb7 Rf2+
74. Ke4 Rc1 75. Bd7 Rh2 76. Kd3 Rxh4 77. Be6 Rf1 78. Bc4 Kg6 79. Ke2 Rhf4 80.
Bd3+ f5 81. Rd7 Kf6 82. Kd2 R4f2+ 83. Kc3 Rc1+ 84. Kd4 Rf4+ 85. Ke3 Rb4 86. Kd2
Rc5 87. Bc4 Rb8 88. Ke3 Re5+ 89. Kd4 Re1 90. Rf7+ Kg5 91. Kc3 f4 92. Rg7+ Kh4
0-1

[Event "AUTO-OPEN-4425"]
[Site "http://www.queenalice.com/game.php?id=1830698"]
[Date "2024.2.1"]
[Round "2"]
[White "Dogeval"]
[Black "landrov"]
[Result "1-0"]
[WhiteElo "2760"]
[BlackElo "2408"]

1. d4 Nf6 2. Nf3 e6 3. c4 b6 4. a3 Bb7 5. Bf4 Be7 6. Nc3 O-O 7. e3 d5 8. cxd5
Nxd5 9. Nxd5 Bxd5 10. Bd3 c5 11. dxc5 bxc5 12. Qc2 f5 13. O-O Nd7 14. Rad1 Qc8
15. b3 Qb7 16. Bc4 Rad8 17. h3 g6 18. Rd2 Nf6 19. Rfd1 Ne4 20. Rd3 Bf6 21. h4
Rfe8 22. Ng5 Bxc4 23. Qxc4 Bxg5 24. Bxg5 Rxd3 25. Qxd3 Qd5 26. Qc2 Qc6 27. a4
Nd6 28. Rc1 Rc8 29. Bf4 Nf7 30. Qc4 Kf8 31. Bg3 e5 32. f3 Ke7 33. Rd1 Qe6 34.
Rd5 e4 35. Bf4 exf3 36. gxf3 a6 37. Kf2 Rc6 38. Ke2 Ke8 39. Bg3 Qf6 40. Kd3 Qa1
41. Ke2 Qf6 42. a5 Qe6 43. Bb8 h6 44. Kf2 Qf6 45. Rd2 Qe7 46. Bg3 Qf6 47. Rd5
Qe6 48. Qd3 h5 49. Qc4 Ke7 50. Bf4 Kf8 51. Kg3 Ke8 52. Kg2 Kf8 53. Kh3 Ke8 54.
Kg3 Kf8 55. b4 cxb4 56. Qxb4+ Qe7 57. Qb8+ Kg7 58. Rd1 Re6 59. Rb1 Qf6 60. Qa7
Re7 61. Qb6 Re8 62. Rc1 Re6 63. Qd4 Qxd4 64. exd4 1-0

[Event "AUTO-OPEN-4425"]
[Site "http://www.queenalice.com/game.php?id=1830704"]
[Date "2024.2.1"]
[Round "2"]
[White "grotegeest"]
[Black "Dogeval"]
[Result "1/2-1/2"]
[WhiteElo "2690"]
[BlackElo "2761"]

1. e4 e5 2. Nf3 Nc6 3. Bb5 a6 4. Ba4 Nf6 5. O-O b5 6. Bb3 Bb7 7. d3 Bc5 8. a4
O-O 9. Bg5 h6 10. Bh4 Be7 11. c3 d6 12. Bc2 b4 13. Nbd2 Re8 14. a5 Rb8 15. Nc4
bxc3 16. bxc3 Nh5 17. Bg3 Nxg3 18. fxg3 Na7 19. Ne3 Nb5 20. Qd2 d5 21. Nxe5 Bf6
22. Nxf7 Kxf7 23. Ng4 dxe4 24. Nxf6 gxf6 25. Qxh6 Nxc3 26. Qh7+ Ke6 27. Bb3+ Kd6
28. Qf7 Qe7 29. Rxf6+ Kd7 30. Qg6 Qe5 31. Rf7+ Kd8 32. d4 Qxd4+ 33. Kh1 Bd5 34.
Bxd5 Nxd5 35. Rc1 Ne7 36. Qg4 Rb2 37. h3 Rxg2 38. Rd1 Rd2 39. Rb1 Rb2 40. Rd1
Rd2 41. Rb1 Rb2 1/2-1/2

[Event "OVER THE TOP"]
[Site "http://www.queenalice.com/game.php?id=1859022"]
[Date "2025.6.22"]
[Round "1"]
[White "Dogeval"]
[Black "gizmokaka"]
[Result "0-1"]
[WhiteElo "2762"]
[BlackElo "2854"]

1. Nf3 c6 2. d4 Nf6 3. c4 d5 4. e3 Bf5 5. Nc3 e6 6. Nh4 Bg6 7. Nxg6 hxg6 8. h3
Nbd7 9. Bd3 Be7 10. O-O a6 11. cxd5 exd5 12. Bd2 O-O 13. Qb3 Rb8 14. a4 Re8 15.
Rfe1 Nf8 16. e4 Ne6 17. exd5 Nxd4 18. Qc4 Nf5 19. dxc6 Rc8 20. Bxf5 Rxc6 21. Qb3
gxf5 22. Bg5 Rb6 23. Qc2 g6 24. a5 Rd6 25. Qa4 Rd4 26. Qb3 Qd7 27. Rad1 Rxd1 28.
Rxd1 Qc6 29. Rc1 Kg7 30. Nd5 Qe6 31. Bxf6+ Bxf6 32. Qc4 Be5 33. Nc7 Bxc7 34.
Qxe6 Rxe6 35. Rxc7 b6 36. axb6 Rxb6 37. Ra7 f4 38. Kf1 g5 39. b4 Kg6 40. g3 fxg3
41. fxg3 f6 42. Kf2 Kh6 43. g4 Kg6 44. Kg3 f5 45. gxf5+ Kxf5 0-1